Rómske nepokoje prinútili vládu zvýšiť pomoc chudobným
Reakcia Rómov na sociálnu reformu - rabovanie obchodov. Potreba trvalého riešenia rómskej problematiky. Dvanásť opatrení ministerstva práce, ktoré majú dočasne zvýšiť sociálnu podporu pre najohrozenejšie skupiny. Názory Rómov proti názorom ministerstva práce, ktoré nemieni ustúpiť od sociálnej refor...
Enregistré dans:
| Auteur principal: | |
|---|---|
| Autres auteurs: | |
| Format: | Chapitre de livre |
| Langue: | slovaque |
| Sujets: | |
| Tags: |
Pas de tags, Soyez le premier à ajouter un tag!
|
MARC
| LEADER | 00000naa$a2200000$$$4500 | ||
|---|---|---|---|
| 001 | 0005493 | ||
| 005 | 20231009074617.0 | ||
| 041 | 0 | |a slo | |
| 044 | |a SK | ||
| 245 | 1 | 0 | |a Rómske nepokoje prinútili vládu zvýšiť pomoc chudobným |c aut. Zuzana Horníková, Branislav Sobinkovič |
| 520 | |a Reakcia Rómov na sociálnu reformu - rabovanie obchodov. Potreba trvalého riešenia rómskej problematiky. Dvanásť opatrení ministerstva práce, ktoré majú dočasne zvýšiť sociálnu podporu pre najohrozenejšie skupiny. Názory Rómov proti názorom ministerstva práce, ktoré nemieni ustúpiť od sociálnej reformy. Problém úžerníkov. Vyplácanie dávok v naturáliách. | ||
| 610 | 2 | 0 | |a Rómovia |
| 610 | 2 | 0 | |a reformy sociálne |
| 610 | 2 | 0 | |a chudoba |
| 610 | 2 | 0 | |a úžerníctvo |
| 610 | 2 | 0 | |a činnosť trestná |
| 100 | 1 | |a Horníková, Zuzana | |
| 700 | 1 | |a Sobinkovič, Branislav | |